BSOP header

Interpreting conflict : (Record no. 27183)

MARC details
000 -LEADER
fixed length control field 01129nam a2200253 4500
008 - FIXED-LENGTH DATA ELEMENTS--GENERAL INFORMATION
fixed length control field 060801s2006 ch chi
020 ## - INTERNATIONAL STANDARD BOOK NUMBER
International Standard Book Number 9577272509 :
Terms of availability USD310.00 / set of 70
090 ## - LOCALLY ASSIGNED LC-TYPE CALL NUMBER (OCLC); LOCAL CALL NUMBER (OCLC)
Classification number (OCLC) (R) ; Classification number, CALL (RLIN) (NR) BR1285
Local cutter number (OCLC) ; Book number/undivided call number, CALL (RLIN) An8l
245 10 - TITLE STATEMENT
Title Interpreting conflict :
Remainder of title Christianity and politics in modern China {ch} /
Statement of responsibility, etc Tao FeiYa; general editor, Peter Chi-Ping Lin.
260 ## - PUBLICATION, DISTRIBUTION, ETC. (IMPRINT)
Place of publication, distribution, etc Taiwan :
Name of publisher, distributor, etc Christian Cosmic Light Holistic Care Organization Year,
Date of publication, distribution, etc 2006.
300 ## - PHYSICAL DESCRIPTION
Extent 195 p.
490 1# - SERIES STATEMENT
Series statement 200th Anniversary Commemorative Anthology of Robert Morrison's Mission in China-Anthology of Christianity and Chinese History and Culture;
Volume number/sequential designation 22
505 0# - FORMATTED CONTENTS NOTE
Formatted contents note Vol. XXII
650 #4 - SUBJECT ADDED ENTRY--TOPICAL TERM
Topical term or geographic name as entry element Christianity and culture
Geographic subdivision China {ch}.
650 #4 - SUBJECT ADDED ENTRY--TOPICAL TERM
Topical term or geographic name as entry element Christianity and politics
Geographic subdivision China {ch}.
650 #4 - SUBJECT ADDED ENTRY--TOPICAL TERM
Topical term or geographic name as entry element Christianity
Geographic subdivision China {ch}.
650 #4 - SUBJECT ADDED ENTRY--TOPICAL TERM
Topical term or geographic name as entry element Church history
Geographic subdivision China {ch}.
650 #4 - SUBJECT ADDED ENTRY--TOPICAL TERM
Topical term or geographic name as entry element Missions
Geographic subdivision China {ch}.
651 #4 - SUBJECT ADDED ENTRY--GEOGRAPHIC NAME
Geographic name China
General subdivision Politics and government
-- History
Chronological subdivision 20th century {ch}.
651 #4 - SUBJECT ADDED ENTRY--GEOGRAPHIC NAME
Geographic name China
Geographic subdivision Church history {ch}.
951 ## - EQUIVALENCE OR CROSS-REFERENCE-GEOGRAPHIC NAME/AREA NAME [OBSOLETE] [CAN/MARC only]
General subdivision 00033400
700 1# - ADDED ENTRY--PERSONAL NAME
Personal name Lin, Peter Chi-Ping
700 1# - ADDED ENTRY--PERSONAL NAME
Personal name Tao, FeiYa
951 ## - EQUIVALENCE OR CROSS-REFERENCE-GEOGRAPHIC NAME/AREA NAME [OBSOLETE] [CAN/MARC only]
-- C-7710
-- BR1285/An8l-XXII
-- 070613111603890
-- 2000-12-21
-- SP-C CH
Holdings
Withdrawn status Lost status Damaged status Not for loan Home library Current library Shelving location Date acquired Accession number Shelving control number Total Checkouts Full call number Barcode Date last seen Price effective from Koha item type
        BSOP Library BSOP Library Special Collections Chinese 12/21/2000 C-7710 127   BR1285/An8l-XXII 00033400 02/23/2013 02/23/2013 Books
BSOP

Biblical Seminary of the Philippines
  All rights Reserved
  © 2024

CONTACT INFORMATION

Biblical Seminary of the Philippines,
  77-B Karuhatan Road, Valenzuela City,
  PHILIPPINES 1441
  Phone: +632 8292-6795 / 8292-6798
  Fax : +632 8292-6675
  Email: library@bsop.edu.ph